00337nam a2200157Ia 4500008004100000041000800041100001300049245001700062260002300079300000800102365001200110500000900122520001900131650001000150999001900160230605s2007 xx 000 0 und d aeng aVassallo aEasy Curries bHutchinsons c2007 a159 b962h20 a1615 aReference Copy aF. P. c418365d418365